| 000 | 00451nam a2200181Ia 4500 | ||
|---|---|---|---|
| 008 | 220531s9999 xx 000 0 und d | ||
| 041 | _amar | ||
| 082 |
_a- _bSAB |
||
| 100 |
_aसबनीस, श्रीपाल _977848 |
||
| 245 | _aकलासंचित | ||
| 250 | _a1ST | ||
| 260 |
_aPune _bDilipraj _c2014 |
||
| 300 | _a180 | ||
| 542 | _d16-04-2018 | ||
| 650 |
_aCriticism _977849 |
||
| 906 |
_d2018-2019 _f12602 |
||
| 999 |
_c43168 _d43168 |
||